Rozpoznaj klub po stadionie Ekstraklasa 2025/26 - Statystyki

Ogólne statystyki
  • Ten quiz został rozwiązany 6 990 razy
    2 541 od ostatniego zresetowania
  • Średni wynik to 15 z 18
Statystyki odpowiedzi
Obrazkowy Odpowiedź % Poprawnych
Pogoń Szczecin
97%
Widzew Łódź
97%
Lechia Gdańsk
93%
Raków Częstochowa
93%
Lech Poznań
89%
Legia Warszawa
89%
Zagłębie Lubin
84%
Radomiak Radom
83%
Motor Lublin
81%
Cracovia
80%
Jagiellonia Białystok
80%
Bruk-Bet Termalica Nieciecza
76%
Piast Gliwice
76%
GKS Katowice
74%
Górnik Zabrze
74%
Arka Gdynia
73%
Korona Kielce
66%
Wisła Płock
66%
Nie znaleziono quizów pasujących do podanych kryteriów
Rozkład punktacji
Procent ludzi z każdym wynikiem
Percentyl według liczby udzielonych odpowiedzi
Twoja historia wyników
Nie rozwiązałeś tego quizu od ostatniego zresetowania